000 00659nam a22001817a 4500
999 _c16503
_d16503
008 220221b ||||| |||| 00| 0 eng d
020 _a9789719647553
082 _22022
_aDFil 363.2565
_bAl86
100 _aAlvarez, Mary Grace P., author
_943979
245 _aForensic examination of questioned documents/
_cMary Grace P. Alvarez
250 _aThird edition
260 _aNovaliches, Quezon City:
_bChapter House Publishing Inc.,
_c©2022.
300 _a226 pages:
_billustrations;
_c22 cm.
500 _aIncludes glossary and bibliographical references.
650 _aWriting -- Identification.
_921218
650 _aForgery.
_943980
942 _2ddc
_cDFIL